[Event "IM Not A GM Speed Chess"]
[Site "chess.com INT"]
[Date "2020.04.30"]
[Round "2.6"]
[White "Coleman, Teddy"]
[Black "Rozman, Levy"]
[Result "1-0"]
[WhiteTitle "IM"]
[BlackTitle "IM"]
[WhiteElo "2333"]
[BlackElo "2343"]
[WhiteFideId "2022010"]
[BlackFideId "2039877"]
[EventDate "2020.04.18"]

1. d4 Nf6 2. c4 b6 3. Nc3 Bb7 4. e3 g6 5. Nf3 Bg7 6. Bd3 O-O 7. O-O d6 8. b3 e5
9. dxe5 dxe5 10. Nxe5 Nfd7 11. Nxd7 Bxc3 12. Nxf8 Bxa1 13. Nxh7 Na6 14. f4 Nc5
15. Ba3 Nxd3 16. Qxa1 Kxh7 17. Rd1 Be4 18. Qc3 Qh4 19. Rxd3 Bxd3 20. Bb2 f6 21.
g3 Qg4 22. Qxd3 Qe6 23. e4 Re8 24. e5 fxe5 25. Bxe5 Qe7 26. h4 Qc5+ 27. Kh2 Qf2+
28. Kh3 Qg1 29. Qf3 Qc1 30. h5 Qc2 31. Qg4 Qf5 32. hxg6+ Qxg6 33. Qd7+ Kg8 34.
g4 Qh7+ 35. Qxh7+ Kxh7 36. Kg3 Kg6 37. Kf3 Re7 38. Ke4 Rd7 39. a4 c5 40. Bb8
Re7+ 41. Kf3 Rb7 42. f5+ Kf7 43. Be5 a6 44. g5 b5 45. g6+ Kg8 46. axb5 axb5 47.
f6 bxc4 48. f7+ 1-0

[Event "IM Not A GM Speed Chess"]
[Site "chess.com INT"]
[Date "2020.04.30"]
[Round "2.7"]
[White "Rozman, Levy"]
[Black "Coleman, Teddy"]
[Result "0-1"]
[WhiteTitle "IM"]
[BlackTitle "IM"]
[WhiteElo "2343"]
[BlackElo "2333"]
[WhiteFideId "2039877"]
[BlackFideId "2022010"]
[EventDate "2020.04.18"]

1. d4 d5 2. c4 e6 3. Nc3 c6 4. Nf3 Nf6 5. Bg5 Nbd7 6. e3 Qa5 7. Nd2 dxc4 8. Bxf6
Nxf6 9. Nxc4 Qc7 10. Bd3 Be7 11. Rc1 O-O 12. Ne5 Rd8 13. g4 Nd7 14. Nf3 e5 15.
g5 exd4 16. exd4 Qf4 17. Rg1 Re8 18. Kf1 Nf8 19. Rg3 Ng6 20. Ne2 Qc7 21. Qd2 Bd6
22. Ne5 Nxe5 23. dxe5 Bxe5 24. Re3 Bg4 25. Qc2 g6 26. h4 Re7 27. Qc4 Be6 28. Qc2
Rae8 29. Re1 Bd6 30. Kg1 Bh2+ 31. Kf1 Bd5 32. f3 Rxe3 0-1

[Event "IM Not A GM Speed Chess"]
[Site "chess.com INT"]
[Date "2020.04.30"]
[Round "2.8"]
[White "Coleman, Teddy"]
[Black "Rozman, Levy"]
[Result "0-1"]
[WhiteTitle "IM"]
[BlackTitle "IM"]
[WhiteElo "2333"]
[BlackElo "2343"]
[WhiteFideId "2022010"]
[BlackFideId "2039877"]
[EventDate "2020.04.18"]

1. c4 e5 2. Nc3 Nf6 3. Nf3 Nc6 4. e3 Bb4 5. Qc2 Bxc3 6. bxc3 d6 7. e4 O-O 8. g3
Ne8 9. Nh4 g6 10. Bg2 Ng7 11. O-O Be6 12. d3 Qc8 13. f4 f5 14. Rb1 fxe4 15. Bxe4
Rb8 16. Qa4 Bd7 17. Qc2 Nf5 18. Nxf5 Bxf5 19. Bd5+ Kg7 20. Be3 Qd7 21. fxe5 Nxe5
22. Bd4 c6 23. Bg2 Kg8 24. Rbd1 Rbe8 25. Bxa7 c5 26. Bd5+ Kg7 27. Qb2 Re7 28. d4
Nd3 29. Qd2 Rfe8 30. Rxf5 Qxf5 31. Qxd3 Re1+ 32. Kg2 R8e2+ 0-1

[Event "IM Not A GM Speed Chess"]
[Site "chess.com INT"]
[Date "2020.04.30"]
[Round "2.9"]
[White "Rozman, Levy"]
[Black "Coleman, Teddy"]
[Result "0-1"]
[WhiteTitle "IM"]
[BlackTitle "IM"]
[WhiteElo "2343"]
[BlackElo "2333"]
[WhiteFideId "2039877"]
[BlackFideId "2022010"]
[EventDate "2020.04.18"]

1. e4 e5 2. Nc3 Nc6 3. Bc4 Nf6 4. d3 Na5 5. Qf3 Nxc4 6. dxc4 h6 7. Nge2 d6 8. h3
Be6 9. b3 Qd7 10. a4 Be7 11. g4 c6 12. Ba3 a5 13. Rd1 Qc7 14. Ng3 g6 15. Bxd6
Bxd6 16. Qxf6 Rg8 17. O-O Be7 18. Qf3 Rd8 19. Rxd8+ Kxd8 20. Qe3 h5 21. gxh5
gxh5 22. Kh2 Bg5 23. Rd1+ Ke8 24. Qf3 Bf4 25. Qxh5 Qb6 26. Qf3 Rh8 27. Kg1 Rxh3
28. Nce2 Rh4 29. Qd3 Bg4 30. c5 Qc7 31. Re1 Qe7 32. Qd6 Qxd6 33. cxd6 Bxe2 34.
Nxe2 Kd7 35. Kg2 Kxd6 36. Rd1+ Ke7 37. Kf3 Bg5 38. Ng3 Rf4+ 39. Ke2 Bh4 40. Nf5+
Ke8 41. Nd6+ Kf8 42. f3 b6 43. Nc8 b5 44. Na7 bxa4 45. bxa4 Rf6 46. Rd8+ Kg7 47.
Rc8 Rg6 48. Rxc6 Rg2+ 49. Kd3 Be1 50. Kc4 Rf2 51. Kb5 Rxf3 52. Kc4 Ra3 53. Kb5
Re3 0-1

[Event "IM Not A GM Speed Chess"]
[Site "chess.com INT"]
[Date "2020.04.29"]
[Round "2.10"]
[White "Coleman, Teddy"]
[Black "Rozman, Levy"]
[Result "1-0"]
[WhiteTitle "IM"]
[BlackTitle "IM"]
[WhiteElo "2333"]
[BlackElo "2343"]
[WhiteFideId "2022010"]
[BlackFideId "2039877"]
[EventDate "2020.04.18"]

1. d4 Nf6 2. c4 b6 3. Nc3 Bb7 4. Qc2 d5 5. Nf3 e6 6. Bf4 dxc4 7. e4 Bb4 8. Bxc4
Bxc3+ 9. bxc3 Bxe4 10. Qe2 h6 11. a4 O-O 12. a5 Nbd7 13. O-O c5 14. Bd6 Re8 15.
Bb5 a6 16. Bxa6 Bxf3 17. gxf3 bxa5 18. dxc5 Nd5 19. Bb7 Ra7 20. c6 Rxb7 21. cxb7
Qb6 22. Bg3 Qxb7 23. c4 N5f6 24. Rxa5 Qc6 25. Rc1 Nc5 26. Qe3 Rc8 27. Ra2 Ncd7
28. Rd2 Nf8 29. Rd6 Qa4 30. c5 Nd5 31. Qe4 Qa3 32. Qc4 Ng6 33. Ra6 Qb2 34. c6 1-0

[Event "IM Not A GM Speed Chess"]
[Site "chess.com INT"]
[Date "2020.04.30"]
[Round "2.11"]
[White "Rozman, Levy"]
[Black "Coleman, Teddy"]
[Result "1-0"]
[WhiteTitle "IM"]
[BlackTitle "IM"]
[WhiteElo "2343"]
[BlackElo "2333"]
[WhiteFideId "2039877"]
[BlackFideId "2022010"]
[EventDate "2020.04.18"]

1. d4 d5 2. Bf4 Nf6 3. Nc3 e6 4. Nb5 Na6 5. a3 c6 6. Nc3 Bd6 7. e3 O-O 8. Nf3
Nc7 9. Ne5 Qe7 10. Bd3 Nd7 11. h4 Bxe5 12. dxe5 b5 13. h5 Bb7 14. Rh3 Kh8 15.
Qg4 f5 16. Qg3 Nc5 17. h6 g6 18. Bg5 Qf7 19. Ne2 Ne8 20. b4 Nxd3+ 21. cxd3 a5
22. Rb1 axb4 23. axb4 c5 24. bxc5 d4 25. Nxd4 Bd5 26. Kf1 b4 27. Kg1 Ra3 28.
Rxb4 Rxd3 29. Rb8 Rc3 30. c6 Bxc6 31. Rc8 Qb7 32. Rxc6 Rxc6 33. Nxc6 Qxc6 34.
Rh4 Kg8 35. Kh2 Rf7 36. Rd4 Rd7 37. Qf4 Rxd4 38. Qxd4 Qd5 39. Qxd5 exd5 40. Bd8
Kf7 41. f4 Ke6 42. Kg3 Kd7 43. Ba5 Nc7 44. Bxc7 Kxc7 45. Kf3 Kc6 46. Ke2 1-0

[Event "IM Not A GM Speed Chess"]
[Site "chess.com INT"]
[Date "2020.04.30"]
[Round "2.12"]
[White "Coleman, Teddy"]
[Black "Rozman, Levy"]
[Result "1-0"]
[WhiteTitle "IM"]
[BlackTitle "IM"]
[WhiteElo "2333"]
[BlackElo "2343"]
[WhiteFideId "2022010"]
[BlackFideId "2039877"]
[EventDate "2020.04.18"]

1. d4 Nf6 2. c4 e6 3. Nc3 d5 4. cxd5 exd5 5. Bg5 c6 6. e3 Be7 7. Qc2 Nbd7 8. Bd3
Nf8 9. Nge2 Ne6 10. Bh4 g6 11. f3 Nh5 12. Bf2 f5 13. g4 fxg4 14. fxg4 Nf6 15. h3
Qa5 16. O-O-O Bd7 17. Kb1 c5 18. dxc5 Qxc5 19. Rhf1 Rc8 20. e4 d4 21. e5 Qxe5
22. Nxd4 Nxd4 23. Bxd4 Qxd4 24. Bxg6+ 1-0

[Event "IM Not A GM Speed Chess"]
[Site "chess.com INT"]
[Date "2020.04.30"]
[Round "2.13"]
[White "Rozman, Levy"]
[Black "Coleman, Teddy"]
[Result "0-1"]
[WhiteTitle "IM"]
[BlackTitle "IM"]
[WhiteElo "2343"]
[BlackElo "2333"]
[WhiteFideId "2039877"]
[BlackFideId "2022010"]
[EventDate "2020.04.18"]

1. e4 e5 2. Nc3 Nc6 3. Bc4 Nf6 4. d3 Na5 5. Qf3 Nxc4 6. dxc4 d6 7. h3 Be6 8. b3
c6 9. Qg3 Be7 10. Bb2 g5 11. O-O-O Qc7 12. Nge2 O-O-O 13. Qe3 Kb8 14. g4 h5 15.
f3 h4 16. Rd2 Nd7 17. Rhd1 f6 18. Ba3 Nb6 19. c5 dxc5 20. Bxc5 Bxc5 21. Qxc5 Nc8
22. Kb2 b6 23. Qe3 Rd6 24. Nc1 Rhd8 25. Nd3 Bf7 26. Nb4 Kb7 27. Qe2 Rxd2 28.
Rxd2 Rxd2 29. Qxd2 a5 30. Nd3 Qd6 31. Ne2 Ne7 32. Qe3 Ng6 33. Kb1 a4 34. Kb2
axb3 35. axb3 Nf8 36. Nc3 Ne6 37. Ne2 Be8 38. c3 Bd7 39. Nb4 Nc5 40. Nc1 Be6 41.
Ncd3 Nxb3 42. Qe1 Na5 43. Qa1 Bc4 0-1

[Event "IM Not A GM Speed Chess"]
[Site "chess.com INT"]
[Date "2020.04.30"]
[Round "2.14"]
[White "Coleman, Teddy"]
[Black "Rozman, Levy"]
[Result "0-1"]
[WhiteTitle "IM"]
[BlackTitle "IM"]
[WhiteElo "2333"]
[BlackElo "2343"]
[WhiteFideId "2022010"]
[BlackFideId "2039877"]
[EventDate "2020.04.18"]

1. c4 f5 2. b3 e5 3. Bb2 Nc6 4. e3 Nf6 5. Nf3 e4 6. Nd4 Nxd4 7. Bxd4 Be7 8. Be2
O-O 9. O-O b6 10. f3 Bb7 11. fxe4 Nxe4 12. d3 Nd6 13. Bf3 Bxf3 14. Qxf3 Bf6 15.
Nc3 Kh8 16. Bxf6 Qxf6 17. Nd5 Qd8 18. Rae1 c6 19. Nf4 Qf6 20. Nh5 Qe7 21. Qg3 g6
22. Nf4 Rae8 23. h4 Qf6 24. Re2 Rf7 25. Rfe1 Rfe7 26. Kf2 Nf7 27. e4 Ne5 28. Kg1
Ng4 29. exf5 Rxe2 30. Rxe2 Qa1+ 0-1

[Event "IM Not A GM Speed Chess"]
[Site "chess.com INT"]
[Date "2020.04.30"]
[Round "2.15"]
[White "Rozman, Levy"]
[Black "Coleman, Teddy"]
[Result "1-0"]
[WhiteTitle "IM"]
[BlackTitle "IM"]
[WhiteElo "2343"]
[BlackElo "2333"]
[WhiteFideId "2039877"]
[BlackFideId "2022010"]
[EventDate "2020.04.18"]

1. d4 d5 2. Bf4 Nf6 3. Nc3 e6 4. Nb5 Na6 5. a3 c6 6. Nc3 Bd6 7. e3 Bxf4 8. exf4
O-O 9. Nf3 b6 10. Bd3 c5 11. O-O cxd4 12. Nxd4 Nc5 13. Qf3 a5 14. Bb5 Ba6 15. a4
Bxb5 16. axb5 Qd6 17. Rfd1 Nfe4 18. g3 Nxc3 19. Qxc3 Rfc8 20. Nc6 Nb7 21. Qe3
Qc5 22. Qxc5 Nxc5 23. Ne7+ Kf8 24. Nxc8 Rxc8 25. c3 Nb3 26. Ra3 Nc5 27. f3 Ke7
28. Kf2 g6 29. Ke3 Kd6 30. Rc1 Nb7 31. Rd1 Rc5 32. Rb3 Ke7 33. h4 h5 34. Ra3 Nd6
35. Kf2 Rxb5 36. Ra2 Nc4 37. Rb1 Rb3 38. Ke2 b5 39. Kd3 a4 40. Kc2 Kf6 41. Re1
Kf5 42. Re2 f6 43. Kd3 e5 44. fxe5 fxe5 45. Kc2 e4 46. fxe4+ dxe4 47. Rf2+ Ke5
48. Rf8 e3 49. Kd3 Kd5 50. Rd8+ Kc5 51. Rc8+ Kb6 52. Re8 Kc5 53. Rc8+ Kd5 54.
Rd8+ Ke5 55. Re8+ Kf5 56. Rf8+ Kg4 57. Rg8 Kxg3 58. Rxg6+ Kf4 59. Re6 Kf5 60.
Re8 Kg4 61. Rg8+ Kf3 62. Rf8+ Kg4 63. Rg8+ Kf4 64. Rf8+ Kg4 65. Ra1 Nxb2+ 66.
Kxe3 Rxc3+ 67. Ke4 Rc4+ 68. Kd5 1-0

[Event "IM Not A GM Speed Chess"]
[Site "chess.com INT"]
[Date "2020.04.30"]
[Round "2.16"]
[White "Coleman, Teddy"]
[Black "Rozman, Levy"]
[Result "0-1"]
[WhiteTitle "IM"]
[BlackTitle "IM"]
[WhiteElo "2333"]
[BlackElo "2343"]
[WhiteFideId "2022010"]
[BlackFideId "2039877"]
[EventDate "2020.04.18"]

1. d4 f5 2. Nc3 Nf6 3. Bg5 e6 4. e4 fxe4 5. Nxe4 Be7 6. Bd3 O-O 7. Nf3 Nxe4 8.
Bxe7 Qxe7 9. Bxe4 Nc6 10. c3 d5 11. Bc2 e5 12. dxe5 Nxe5 13. Nxe5 Qxe5+ 14. Qe2
Qg5 15. O-O Bh3 16. f4 Qg4 17. Rae1 Qxe2 18. Rxe2 Bf5 19. Bxf5 Rxf5 20. Re7 Rf7
21. Rfe1 Raf8 22. g3 g6 23. Kg2 Kg7 24. h4 Rxe7 25. Rxe7+ Rf7 26. Re8 Rf8 27.
Re7+ Rf7 28. Re8 Rf8 29. Rxf8 Kxf8 30. g4 h5 31. Kg3 c5 32. f5 gxf5 33. gxf5 Kf7
34. Kf4 Kf6 35. a4 d4 36. cxd4 cxd4 37. Ke4 d3 38. Kxd3 Kxf5 39. Ke3 Kg4 40. a5
Kxh4 41. Kf4 Kh3 42. Kf3 Kh2 43. Kf2 h4 44. b3 Kh3 45. Kf3 Kh2 46. Kf2 b5 47.
axb6 axb6 48. b4 b5 49. Kf1 Kg3 50. Kg1 Kf3 51. Kh2 Ke3 52. Kh3 Kd4 53. Kxh4 Kc4
54. Kg3 Kxb4 55. Kf2 Kc3 56. Ke1 Kc2 0-1

[Event "IM Not A GM Speed Chess"]
[Site "chess.com INT"]
[Date "2020.04.30"]
[Round "2.17"]
[White "Rozman, Levy"]
[Black "Coleman, Teddy"]
[Result "1/2-1/2"]
[WhiteTitle "IM"]
[BlackTitle "IM"]
[WhiteElo "2343"]
[BlackElo "2333"]
[WhiteFideId "2039877"]
[BlackFideId "2022010"]
[EventDate "2020.04.18"]

1. d4 d5 2. Bf4 e6 3. Nc3 Nf6 4. a3 Bd6 5. Bg3 O-O 6. e3 c5 7. Nf3 Nc6 8. Be2 a6
9. Ne5 Bxe5 10. dxe5 Nd7 11. f4 b5 12. O-O Bb7 13. Bf3 Qb6 14. Kh1 a5 15. a4 b4
16. Nb5 Ba6 17. c4 bxc3 18. bxc3 Bxb5 19. Rb1 Bxa4 20. Qxa4 Qc7 21. c4 Nb6 22.
Qb5 Nxc4 23. Qxc5 Rfc8 24. Rfd1 Nb4 25. Qb5 Nxe3 26. Rg1 Qc4 27. Qb7 Rab8 28.
Qa7 Qc5 29. Qd7 Qc6 30. Qa7 Nc4 31. f5 Ra8 32. Qd4 a4 33. f6 g6 34. Qh4 Qc5 35.
Bf4 a3 36. Bh6 a2 37. Ra1 Nc2 38. Bg7 Nxa1 39. Qh6 Rcb8 40. Bh8 Qf8 41. Bg7 Qc5
42. Bh8 Qf8 43. Bg7 Qc5 1/2-1/2

[Event "IM Not A GM Speed Chess"]
[Site "chess.com INT"]
[Date "2020.04.30"]
[Round "2.18"]
[White "Coleman, Teddy"]
[Black "Rozman, Levy"]
[Result "1-0"]
[WhiteTitle "IM"]
[BlackTitle "IM"]
[WhiteElo "2333"]
[BlackElo "2343"]
[WhiteFideId "2022010"]
[BlackFideId "2039877"]
[EventDate "2020.04.18"]

1. d4 Nf6 2. c4 b6 3. Nc3 Bb7 4. Qc2 d5 5. Nf3 e6 6. cxd5 exd5 7. Bg5 Be7 8. e3
h6 9. Bh4 O-O 10. Bd3 Ne4 11. Bxe7 Qxe7 12. Rc1 Nxc3 13. Qxc3 c6 14. O-O Nd7 15.
b4 Qd6 16. Bb1 Rac8 17. a3 f5 18. g3 c5 19. bxc5 bxc5 20. dxc5 Nxc5 21. Ba2 Ne4
22. Qd4 Rcd8 23. Rfd1 Kh7 24. Rc2 Qxa3 25. Rc7 Nf6 26. Bb1 Bc8 27. Rxa7 Qd6 28.
Nh4 Ne4 29. Qxg7# 1-0

[Event "IM Not A GM Speed Chess"]
[Site "chess.com INT"]
[Date "2020.04.30"]
[Round "2.19"]
[White "Rozman, Levy"]
[Black "Coleman, Teddy"]
[Result "0-1"]
[WhiteTitle "IM"]
[BlackTitle "IM"]
[WhiteElo "2343"]
[BlackElo "2333"]
[WhiteFideId "2039877"]
[BlackFideId "2022010"]
[EventDate "2020.04.18"]

1. c4 e6 2. Nc3 d5 3. d4 c6 4. Nf3 Nf6 5. g3 dxc4 6. Bg2 b5 7. O-O Bb7 8. b3 b4
9. Na4 c3 10. Bg5 a5 11. Ne5 Be7 12. Bxf6 gxf6 13. Nc4 Nd7 14. e3 Qc7 15. Qh5 f5
16. a3 c5 17. Bxb7 Qxb7 18. dxc5 Nxc5 19. axb4 Nxb3 20. Nc5 Bxc5 21. bxc5 Qe7
22. Nd6+ Kf8 23. Ra3 Nxc5 24. Qh6+ Kg8 25. Nc4 Ne4 26. f3 Qf6 27. Qxf6 Nxf6 28.
Nxa5 Kg7 29. Rc1 Rhc8 30. Raa1 Nd5 31. Kf2 Nb4 32. Ke2 Rc5 33. Nb3 Rxa1 34. Nxa1
Rc4 35. Nb3 c2 36. Nd2 Rc3 37. Nf1 Kf6 38. Kd2 Ra3 39. e4 Rd3+ 40. Ke2 fxe4 41.
fxe4 Ra3 42. Ne3 Rc3 43. Ng4+ Kg5 44. Ne3 h5 45. h4+ Kf6 46. Rf1+ Ke5 47. Rc1
Kxe4 48. Nf1 Na2 49. Nd2+ Kf5 50. Rxc2 Rxc2 51. Ke3 Nb4 52. Nf3 Rc3+ 53. Kf2
Rxf3+ 54. Kxf3 Nd5 0-1

[Event "IM Not A GM Speed Chess"]
[Site "chess.com INT"]
[Date "2020.04.30"]
[Round "2.20"]
[White "Coleman, Teddy"]
[Black "Rozman, Levy"]
[Result "1/2-1/2"]
[WhiteTitle "IM"]
[BlackTitle "IM"]
[WhiteElo "2333"]
[BlackElo "2343"]
[WhiteFideId "2022010"]
[BlackFideId "2039877"]
[EventDate "2020.04.18"]

1. d4 d5 2. c4 dxc4 3. Nf3 a6 4. e3 Bg4 5. Bxc4 e6 6. Nc3 Nc6 7. h3 Bh5 8. O-O
Nf6 9. b3 Bd6 10. Bb2 O-O 11. Be2 Qe8 12. e4 Bxf3 13. Bxf3 e5 14. Nd5 Nxd5 15.
exd5 Nxd4 16. Bxd4 exd4 17. Re1 Be5 18. Bh5 d3 19. f4 Bd4+ 20. Kh1 Qb5 21. Rc1
Bb6 22. Bf3 Rad8 23. Be4 Ba5 24. Re3 d2 25. Rc4 Qb6 26. Rg3 Qf2 27. Bxh7+ Kxh7
28. Rxg7+ Kxg7 29. Qg4+ Kh7 30. Qh5+ Kg7 31. Qg5+ Kh7 32. Qh5+ Kg7 33. Qg5+ Kh7
34. Qh5+ 1/2-1/2

[Event "IM Not A GM Speed Chess"]
[Site "chess.com INT"]
[Date "2020.04.30"]
[Round "2.21"]
[White "Rozman, Levy"]
[Black "Coleman, Teddy"]
[Result "0-1"]
[WhiteTitle "IM"]
[BlackTitle "IM"]
[WhiteElo "2343"]
[BlackElo "2333"]
[WhiteFideId "2039877"]
[BlackFideId "2022010"]
[EventDate "2020.04.18"]

1. d4 d5 2. Bf4 Nf6 3. e3 c5 4. Nc3 e6 5. Nb5 Na6 6. Nf3 Be7 7. a4 Nh5 8. Be5 f6
9. Bg3 g6 10. Be2 Nxg3 11. hxg3 O-O 12. c3 Nc7 13. Bd3 a6 14. Na3 Bd6 15. Nh4 f5
16. g4 cxd4 17. gxf5 dxe3 18. fxg6 exf2+ 19. Kf1 h6 20. g7 Rf4 21. Ng6 Qg5 22.
Nxf4 Bxf4 23. Qf3 e5 24. Qh5 Bg4 25. Qxg5 Bxg5 26. Be2 Bxe2+ 27. Kxe2 Kxg7 28.
Kxf2 Rf8+ 29. Ke2 Ne6 30. g3 Nc5 31. Raf1 Re8 32. Nc2 Nxa4 33. Rb1 b5 34. Ne3 d4
35. Nf5+ Kg6 36. g4 dxc3 37. Kd3 cxb2 38. Rhd1 Rc8 39. Ke2 Rc1 40. Rd6+ Kf7 41.
Rd7+ Ke8 42. Rxc1 bxc1=Q 43. Rh7 Qc2+ 44. Kf3 Qd3+ 45. Kg2 Qe2+ 46. Kg1 Be3+ 0-1

[Event "IM Not A GM Speed Chess"]
[Site "chess.com INT"]
[Date "2020.04.29"]
[Round "2.1"]
[White "Bartholomew, John"]
[Black "Trent, Lawrence"]
[Result "0-1"]
[WhiteTitle "IM"]
[BlackTitle "IM"]
[WhiteElo "2446"]
[BlackElo "2399"]
[WhiteFideId "2019353"]
[BlackFideId "408638"]
[EventDate "2020.04.18"]

1. d4 d5 2. Nf3 a6 3. Bf4 Nf6 4. e3 Bg4 5. c4 Bxf3 6. Qxf3 e6 7. Nc3 Bb4 8. Qd1
c5 9. a3 Bxc3+ 10. bxc3 Qa5 11. Qb3 Nbd7 12. dxc5 O-O 13. Qb4 Qxc5 14. Bd6 Qxb4
15. cxb4 Rfc8 16. cxd5 Nxd5 17. Be2 Rc2 18. Bf3 Rac8 19. O-O N7b6 20. Rfd1 Nc3
21. Rd4 Ne2+ 22. Bxe2 Rxe2 23. Bc5 Na4 24. g3 h6 25. Rd7 b6 26. Bd4 Rcc2 27. Rf1
Nc3 28. Bxc3 Rxc3 29. Rd6 Rxa3 30. Rxb6 Raa2 31. Rb8+ Kh7 32. Rb7 Kg6 33. h4
Reb2 34. Rb6 h5 35. Kg2 Ra4 36. Rc1 Rbxb4 37. Rxb4 Rxb4 38. Rc6 Ra4 39. Rb6 Ra2
40. Kf3 a5 41. Ra6 a4 42. Ra5 a3 43. Kg2 Kh6 44. Kf3 g6 45. Ra7 Kg7 46. Kg2 Kf6
47. Kf3 e5 48. e4 Kg7 49. Kg2 Re2 50. Rxa3 Rxe4 51. Ra7 Kf6 52. Kf3 Rc4 53. Kg2
Ke6 54. Ra6+ Kf5 55. Ra7 f6 56. Ra8 Rc2 57. Ra4 Rd2 58. Rb4 Rd4 59. Rb6 Rd8 60.
Kf3 Rd3+ 61. Ke2 Ra3 62. Rc6 e4 63. Rb6 Ra2+ 64. Ke3 Ra3+ 65. Ke2 Ra5 66. Rc6
Re5 67. Ke3 Rd5 68. Rb6 Rd3+ 69. Ke2 Ke5 70. Ra6 Rd6 71. Ra5+ Ke6 72. Ra8 Kf5
73. Ra5+ Kg4 74. Ra8 Rb6 75. Rg8 f5 76. Rg7 Kh3 77. Ke3 Kg2 78. Rg8 Rb3+ 79. Ke2
Rb2+ 80. Ke3 Rxf2 81. Rxg6 Rf3+ 82. Kd4 Rxg3 83. Rh6 e3 84. Kd3 Kf2 85. Rxh5 f4
86. Re5 e2+ 87. Kd2 Re3 88. Rf5 e1=Q+ 0-1

[Event "IM Not A GM Speed Chess"]
[Site "chess.com INT"]
[Date "2020.04.30"]
[Round "2.2"]
[White "Trent, Lawrence"]
[Black "Bartholomew, John"]
[Result "0-1"]
[WhiteTitle "IM"]
[BlackTitle "IM"]
[WhiteElo "2399"]
[BlackElo "2446"]
[WhiteFideId "408638"]
[BlackFideId "2019353"]
[EventDate "2020.04.18"]

1. d4 d5 2. c4 c6 3. Nf3 Nf6 4. Qc2 g6 5. Bf4 Bg7 6. e3 O-O 7. Nc3 dxc4 8. Bxc4
b5 9. Bd3 Bb7 10. a3 Nbd7 11. h4 h5 12. Kf1 c5 13. Bxb5 cxd4 14. exd4 Nb6 15.
Rd1 Rc8 16. Qe2 Nbd5 17. Nxd5 Nxd5 18. Bg5 Qb6 19. Ne5 Rfd8 20. Kg1 f6 21. Nd7
Rxd7 22. Bxd7 fxg5 23. Be6+ Kh7 24. hxg5 Nf4 25. Qe3 Nxe6 26. Rh4 Rd8 27. Re1
Rxd4 0-1

[Event "IM Not A GM Speed Chess"]
[Site "chess.com INT"]
[Date "2020.04.30"]
[Round "2.3"]
[White "Bartholomew, John"]
[Black "Trent, Lawrence"]
[Result "1-0"]
[WhiteTitle "IM"]
[BlackTitle "IM"]
[WhiteElo "2446"]
[BlackElo "2399"]
[WhiteFideId "2019353"]
[BlackFideId "408638"]
[EventDate "2020.04.18"]

1. d4 e6 2. c4 d5 3. Nc3 Be7 4. cxd5 exd5 5. Bf4 c6 6. e3 Bf5 7. Nge2 Nd7 8. Ng3
Bg6 9. Be2 Ngf6 10. h4 h5 11. Bd3 Bxd3 12. Qxd3 g6 13. O-O O-O 14. Rab1 a5 15.
a3 a4 16. Qc2 Qa5 17. Bg5 Rfe8 18. b4 axb3 19. Rxb3 Qa6 20. a4 Ng4 21. Bxe7 Rxe7
22. Rfb1 Nf8 23. Qe2 Qa5 24. Qd3 Ra7 25. Nge2 Qc7 26. g3 Ne6 27. e4 dxe4 28.
Nxe4 Kf8 29. N2c3 Rd7 30. Rb4 Qd8 31. Ne2 c5 32. Rc4 Nxd4 33. Nxc5 Nxe2+ 34.
Qxe2 Re7 35. Qc2 b6 36. Ne6+ Rxe6 37. Rc8 Re8 38. Rxd8 Rxd8 39. Rxb6 Rad7 40.
Rb2 Rd1+ 41. Kg2 R1d4 42. a5 Kg8 43. a6 Ra8 44. Ra2 Rd7 45. Qc6 Rda7 46. Qb6 Ne5
47. Ra4 Nd7 48. Qb5 Nb8 49. Rd4 Nxa6 50. Ra4 Nc7 51. Rxa7 Rxa7 52. Qb6 Ra8 53.
Qxc7 Re8 54. Kf3 Re6 55. Kf4 Kg7 56. f3 Rf6+ 57. Ke3 Re6+ 58. Kf2 Rf6 59. Qe5 1-0

[Event "IM Not A GM Speed Chess"]
[Site "chess.com INT"]
[Date "2020.05.01"]
[Round "2.4"]
[White "Trent, Lawrence"]
[Black "Bartholomew, John"]
[Result "0-1"]
[WhiteTitle "IM"]
[BlackTitle "IM"]
[WhiteElo "2399"]
[BlackElo "2446"]
[WhiteFideId "408638"]
[BlackFideId "2019353"]
[EventDate "2020.04.18"]

1. d4 d5 2. c4 c6 3. Nf3 Nf6 4. Qc2 e6 5. Bg5 dxc4 6. e4 b5 7. b3 cxb3 8. axb3
h6 9. Bd2 Bb7 10. Bd3 a6 11. O-O Nbd7 12. Nc3 c5 13. d5 e5 14. Ne2 g6 15. Ng3
Bg7 16. h3 O-O 17. Nh2 Rc8 18. Be2 Qe7 19. Rfd1 Ne8 20. Ng4 Kh7 21. Qc1 Qh4 22.
Kh2 Nd6 23. Bd3 f5 24. exf5 gxf5 25. Bb1 e4 26. Bf4 Qe7 27. Ne3 Be5 28. Bxe5
Qxe5 29. Ra2 c4 30. bxc4 Nxc4 31. Nxc4 Rxc4 32. Qd2 Rc5 33. d6 Rd5 34. Qc1 Rxd6
35. Rxd6 Qxd6 36. Rd2 Qc6 37. Qd1 Ne5 38. Rd6 Qc7 39. Kh1 Nd3 40. Re6 Nxf2+ 0-1

[Event "IM Not A GM Speed Chess"]
[Site "chess.com INT"]
[Date "2020.04.30"]
[Round "2.5"]
[White "Bartholomew, John"]
[Black "Trent, Lawrence"]
[Result "1-0"]
[WhiteTitle "IM"]
[BlackTitle "IM"]
[WhiteElo "2446"]
[BlackElo "2399"]
[WhiteFideId "2019353"]
[BlackFideId "408638"]
[EventDate "2020.04.18"]

1. c4 e6 2. g3 g6 3. Bg2 Bg7 4. Nc3 Ne7 5. h4 d5 6. d4 dxc4 7. Nf3 Nbc6 8. e3 h6
9. Qa4 a6 10. Qxc4 b5 11. Qe2 Bb7 12. Ne4 Nb4 13. Nc5 Bd5 14. b3 Ra7 15. O-O Ba8
16. Rd1 Nf5 17. e4 Nxd4 18. Nxd4 Bxd4 19. Rxd4 Qxd4 20. Bb2 Qxc5 21. Bxh8 Qe7
22. Qe3 c5 23. Qxh6 e5 24. Bh3 Bxe4 25. Re1 f5 26. Qxg6+ Qf7 27. Qb6 Qc7 28.
Qe6+ Qe7 29. Qc8+ Kf7 30. Bxf5 Rc7 31. Be6+ Kg6 32. Qg8+ Kh6 33. Rxe4 Rc6 34.
Bf5 Rd6 35. Rg4 1-0

[Event "IM Not A GM Speed Chess"]
[Site "chess.com INT"]
[Date "2020.04.30"]
[Round "2.6"]
[White "Trent, Lawrence"]
[Black "Bartholomew, John"]
[Result "0-1"]
[WhiteTitle "IM"]
[BlackTitle "IM"]
[WhiteElo "2399"]
[BlackElo "2446"]
[WhiteFideId "408638"]
[BlackFideId "2019353"]
[EventDate "2020.04.18"]

1. d4 d5 2. c4 c6 3. Nf3 Nf6 4. Qc2 dxc4 5. e4 Bg4 6. Nbd2 e6 7. Bxc4 Nbd7 8. h3
Bh5 9. a3 Be7 10. O-O O-O 11. Bd3 Bg6 12. e5 Bxd3 13. Qxd3 Nd5 14. Ne4 h6 15.
Re1 c5 16. dxc5 Nxc5 17. Nxc5 Bxc5 18. Qe4 Qb6 19. Re2 Qa6 20. Rc2 Rac8 21. Kh2
Ne7 22. Bd2 Rfd8 23. Rac1 Qb6 24. Be1 Qb5 25. Qh4 Nf5 26. Qc4 Qe8 27. b4 b5 28.
Qe2 Bb6 29. Rxc8 Rxc8 30. Rxc8 Qxc8 31. Qxb5 Qc2 32. Qe8+ Kh7 33. Qxf7 Bxf2 34.
Qxe6 Ne3 35. Bxf2 Qxf2 36. Ng5+ hxg5 0-1